Interpol Songs - Statistics

General Stats
  • This quiz has been taken 122 times
  • The average score is 45 of 92
Answer Stats
Turn On The Bright Lights % Correct
Obstacle 1
96%
Obstacle 2
95%
Evil
94%
NYC
91%
PDA
91%
Untitled
90%
Leif Erikson
88%
C'mere
82%
Slow Hands
81%
Stella Was A Diver And She Was Always Down
81%
Say Hello To The Angels
78%
Roland
77%
The New
77%
All The Rage Back Home
76%
Hands Away
76%
Narc
76%
Rest My Chemistry
74%
Pioneer To The Falls
72%
Next Exit
71%
No I In Threesome
69%
Not Even Jail
69%
Take You On A Cruise
69%
The Rover
69%
Public Pervert
67%
Toni
65%
Mammoth
64%
The Heinrich Maneuver
64%
A Time To Be So Small
62%
My Desire
62%
Specialist
60%
Length of Love
59%
Lights
59%
If You Really Love Nothing
58%
Barricade
56%
Song Seven
56%
The Lighthouse
54%
My Blue Supreme
50%
Success
50%
Pace Is The Trick
49%
The Scale
49%
Tidal Wave
47%
Everything Is Wrong
46%
Mind Over Time
46%
Summer Well
46%
Interlude
45%
Wrecking Ball
45%
Gran Hotel
44%
Fine Mess
42%
Gavilan/Cubed
42%
Same Town, New Story
41%
Try It On
41%
Fables
40%
Always Malaise (The Man I Am)
38%
Something Changed
38%
Get The Girls/Song 5
37%
Memory Serves
37%
All Fired Up
36%
Breaker 1
36%
Complications
36%
Precipitate
36%
The Undoing
36%
Twice As Hard
36%
It Probably Matters
35%
Who Do You Think
35%
Anywhere
33%
Mountain Child
33%
Passenger
33%
Interlude 1
32%
Party's Over
32%
Interlude 2
31%
Mr. Credit
31%
All of The Ways
29%
Go Easy (Palermo)
29%
Number 10
28%
NYSMAW
28%
Stay In Touch
28%
Surveillance
27%
The Weekend
27%
Flight of Fancy
26%
Ancient Ways
24%
Big Shot City
24%
Crimewaves
24%
Thrones
24%
Into The Night
23%
Malfeasance
23%
Renegade Hearts
23%
Greenwich
22%
Real Life
21%
The Depths
21%
What Is What
21%
Safe Without
19%
No Big Deal
15%
No matching quizzes found
Score Distribution
Percent of People with Each Score
Percentile by Number Answered
Your Score History
You have not taken this quiz